| 000 | 00583nam a2200181Ia 4500 | ||
|---|---|---|---|
| 005 | 20250508163834.0 | ||
| 008 | 008 250505s9999 xx 000 0 eng d | ||
| 020 | _a0-304-33497-9; 0-304-32889-8; 0-304-32896-0; 0-304-32888-X; 0-304-32894-4 | ||
| 037 | _aReference | ||
| 040 |
_aFEDL _beng _cFEDL |
||
| 041 |
_aeng _2eng |
||
| 084 |
_a370, LYN/RR _qFEDL |
||
| 245 | 0 | _aEducation and development : Tradition and innovation 4 Vols. | |
| 260 |
_aLondon, UK _bCassell _c1997 |
||
| 490 | _vIntroductory Volume | ||
| 942 |
_cREF _h370, LYN/RR |
||
| 999 |
_c1385536 _d1385536 |
||